000 00927nas a2200277 4500
001 BR2015001945
003 BR-BrBNA
005 20231205125159.0
007 ta
008 230509b bl.|||p| |||| 00| 00por d
040 _aBR-BrBNA
_bpor
_cBiblioteca Nacional de Agricultura
041 _a(Pt)
072 _aP34
100 1 _aGross, E.
100 1 _aCordeiro, L.
100 1 _aCaetano, F.H.
245 1 _aNodulação e micorrização em Anadenanthera peregrina var. falcata em solo de cerrado autoclavado e não autoclavado
650 _aMICORRIZA VESICULAR ARBUSCULAR
650 _aANGICO-DO-CERRADO
650 _aRHIZOBIUM
650 _aINOCULAÇÃO
773 0 _tRevista Brasileira de Ciência do Solo (Brazil)
_xISSN 0100-0683
_g(Jan-Feb 2004), v. 28(1) p. 95-101
_wBR2015001945
856 4 0 _uwww.scielo.br/pdf/rbcs/v28n1/a10v28n1.pdf
909 _a202311
_bLúcia
_c55
_dLúcia Elande
942 _2AGRIS
_n0
_cANA
999 _c243068
_d243068